Statistics for Grace Lyrics (Florence + the Machine)

Click here to take the quiz!

General Stats

  • This quiz has been taken 101 times
  • The average score is 329 of 357

Answer Stats

Lyrics% Correct
a
100%
I
100%
it
100%
know
100%
so
100%
then
100%
you)
100%
you
100%
are
98%
be
98%
Grace
98%
in
98%
loved
98%
me
98%
the
98%
your
98%
and
96%
any
96%
birthday
96%
could
96%
do
96%
go
96%
I'm
96%
on
96%
ruined
96%
sorry
96%
to
96%
was
96%
we
96%
back
94%
because
94%
carry
94%
is
94%
mother
94%
only
94%
proud
94%
treat
94%
us
94%
were
94%
who
94%
don't
92%
ever
92%
make
92%
mess
92%
my
92%
say
92%
such
92%
university
92%
again
90%
enough
90%
had
90%
I've
90%
long
90%
most
90%
see
90%
thing
90%
this
90%
This
90%
worst
90%
eighteen
88%
faith
88%
one
88%
that
88%
think
88%
dangerous
87%
feelings
87%
guess
87%
haven't
87%
mermaids
87%
problem
87%
spoken
87%
time
87%
treated
87%
try
87%
about
85%
behaving
85%
drunk
85%
hit
85%
people's
85%
sometimes
85%
strangely
85%
turned
85%
all
83%
anyone
83%
as
83%
never
83%
would
83%
everywhere
81%
(hope
81%
hope)
81%
hope
81%
like
81%
there
81%
too
79%
hands
77%
phase
77%
stop
77%
flew
75%
from
75%
melting
75%
she
75%
spelling
75%
before
73%
discipline
71%
sunshine
71%
hearts
69%
deems
65%
will
63%
can
60%
up
60%
walls
60%
Camberwell
56%
loud
42%
(tell
42%
what
42%

Score Distribution

Percentile by Number Answered

Percent of People with Each Score

Your Score History

You have not taken this quiz